Gaming Quiz

Random Gaming or Logic Quiz

Guess Who? A Picture Murder Mystery Quiz Stats

 Plays Quiz not verified by Sporcle

Score 0/24 Timer 20:00
15 Plays Today
Hint Answer % Correct
Frans???
100%
Tom???
65.6%
Herman???
64.2%
Claire???
53.5%
Peter???
43.1%
Richard???
36.8%
Robert???
35%
Anita???
34.1%
Sam???
33.3%
Bill???
32.4%
Eric???
29.4%
George???
28.4%
Hint Answer % Correct
Philip???
23.7%
Anne???
22.4%
Maria???
19.8%
Paul???
19.6%
Joe???
17%
Alex???
16%
Max???
15.7%
Charles???
15.6%
David???
15.4%
Bernard???
15.2%
Susan???
14.4%
Alfred???
11.5%

You're not logged in!

Compare scores with friends on all Sporcle quizzes.
OR
Log In

Show Comments

Extras

Top Quizzes Today


Score Distribution

Your Account Isn't Verified!

In order to create a playlist on Sporcle, you need to verify the email address you used during registration. Go to your Sporcle Settings to finish the process.

Report this User

Report this user for behavior that violates our Community Guidelines.

Details: